[Event "FIDE World Rapid Team"]
[Site "Almaty KAZ"]
[Date "2024.08.03"]
[Round "5.21"]
[White "Shogdzhiev, Roman"]
[Black "Mamedov, Edgar"]
[Result "0-1"]
[WhiteTitle "CM"]
[BlackTitle "FM"]
[WhiteElo "2124"]
[BlackElo "2443"]
[WhiteTeam "Rookies"]
[BlackTeam "Teniz Kazakhstan"]
[WhiteFideId "55653537"]
[BlackFideId "13739980"]
[EventDate "2024.08.02"]

1. e4 c5 2. Nf3 Nc6 3. Bb5 e6 4. Bxc6 bxc6 5. b3 Ne7 6. d3 f6 7. O-O Ng6 8. Re1
Be7 9. Nbd2 O-O 10. Nf1 d6 11. h4 f5 12. h5 Nh4 13. N3h2 Bf6 14. Rb1 fxe4 15.
dxe4 Bd4 16. Be3 e5 17. g3 Bh3 18. gxh4 Qxh4 19. Bxd4 cxd4 20. Ng3 Rf4 21. Qd2
Raf8 22. Rf1 Bxf1 23. Rxf1 Qh3 24. Re1 Rxf2 25. Qxf2 Rxf2 26. Kxf2 Qxh2+ 27. Kf3
Qxc2 28. Nf5 Qc3+ 29. Kf2 d3 30. Ne3 Qd2+ 31. Kf1 Qxa2 32. b4 Qf7+ 33. Kg1 Qf3
34. Nf1 Qxh5 35. Re3 Qg5+ 36. Rg3 Qxg3+ 37. Nxg3 d2 38. Kf2 d1=Q 39. Nf5 Qd3 40.
Ng3 Qd4+ 41. Kf3 Qxb4 42. Nf5 Kf8 43. Ne3 Qc3 44. Ke2 Qd4 45. Kf3 Qd3 46. Kf2
Qxe4 47. Ng2 d5 48. Ne1 d4 49. Nf3 Qf4 50. Ke2 d3+ 51. Kxd3 Qxf3+ 52. Kc4 Qd5+
53. Kb4 e4 54. Kc3 e3 55. Kc2 e2 56. Kb2 Qc4 57. Ka3 e1=Q 58. Kb2 Qec1# 0-1

[Event "FIDE World Rapid Team"]
[Site "Almaty KAZ"]
[Date "2024.08.03"]
[Round "5.22"]
[White "Sapenov, Daniyal"]
[Black "Bivol, Alina"]
[Result "1-0"]
[WhiteTitle "FM"]
[BlackTitle "IM"]
[WhiteElo "2311"]
[BlackElo "2345"]
[WhiteTeam "Teniz Kazakhstan"]
[BlackTeam "Rookies"]
[WhiteFideId "13728911"]
[BlackFideId "4100123"]
[EventDate "2024.08.02"]

1. e4 e5 2. Nf3 Nc6 3. Bb5 a6 4. Ba4 Nf6 5. d3 d6 6. c3 Bd7 7. O-O g6 8. h3 Bg7
9. Re1 O-O 10. d4 b5 11. Bb3 h6 12. Nbd2 Kh7 13. dxe5 Nxe5 14. Nxe5 dxe5 15. Nf3
Qe7 16. Qe2 c5 17. a4 Bc6 18. Bc2 c4 19. Rd1 Rfe8 20. Nh2 Qb7 21. Re1 Bf8 22.
Nf1 Nh5 23. Qf3 f5 24. axb5 axb5 25. Rxa8 Rxa8 26. Qe2 f4 27. Nh2 Bc5 28. Kh1
Qe7 29. Nf3 Nf6 30. Kg1 Ra1 31. Bd2 Ra2 32. Bc1 g5 33. Nh2 h5 34. Kh1 Ra8 35. g3
Rg8 36. Kg2 Kh8 37. g4 Rf8 38. Rh1 Qb7 39. f3 Be7 40. Rd1 Rd8 41. Rxd8+ Bxd8 42.
Qd1 Be7 43. gxh5 Nxh5 44. Ng4 Qc7 45. b3 Nf6 46. bxc4 bxc4 47. Ba4 Nxg4 48. hxg4
Kg7 49. Bd2 Bxa4 50. Qxa4 Qd6 51. Be1 Qd3 52. Qb5 Kf6 53. Qa6+ Kf7 54. Qa5 Bd6
55. Bf2 Ke6 56. Qd8 Qxc3 57. Qxg5 Qd2 58. Qg8+ Kd7 59. Qxc4 Be7 60. Qf7 Kd8 61.
g5 Bc5 62. Qd5+ Qxd5 63. exd5 Bf8 64. g6 Kd7 65. Bc5 Bg7 66. Kh3 Bh6 67. Kg4 Bg7
68. Kf5 Bh8 69. Bf8 1-0

[Event "FIDE World Rapid Team"]
[Site "Almaty KAZ"]
[Date "2024.08.03"]
[Round "5.23"]
[White "Tregubenko, Nikolay"]
[Black "Balabayeva, Xeniya"]
[Result "1-0"]
[BlackTitle "WIM"]
[WhiteElo "2023"]
[BlackElo "2335"]
[WhiteTeam "Rookies"]
[BlackTeam "Teniz Kazakhstan"]
[WhiteFideId "34358978"]
[BlackFideId "13719688"]
[EventDate "2024.08.02"]

1. e4 c6 2. d4 d5 3. Nc3 dxe4 4. Nxe4 Nf6 5. Nxf6+ exf6 6. c3 Bd6 7. Bd3 O-O 8.
Qc2 Re8+ 9. Ne2 h5 10. Be3 Nd7 11. O-O-O Nf8 12. c4 Qa5 13. Kb1 b5 14. d5 bxc4
15. Bxc4 c5 16. Nc3 Rb8 17. Rhe1 Bd7 18. Bd2 Be5 19. f4 Bd4 20. Nb5 Qb6 21. Nxd4
cxd4 22. Rxe8 Bf5 23. Rxf8+ Kxf8 24. Bb4+ Qxb4 25. Bd3 Bd7 26. Rc1 Ke7 27. b3
Qb6 28. Qe2+ Kf8 29. Qxh5 Bb5 30. Bf5 d3 31. Re1 1-0

[Event "FIDE World Rapid Team"]
[Site "Almaty KAZ"]
[Date "2024.08.03"]
[Round "5.24"]
[White "Fedorov, Grigory"]
[Black "Berikkyzy Alanna"]
[Result "0-1"]
[BlackTitle "WCM"]
[WhiteElo "1904"]
[BlackElo "1869"]
[WhiteTeam "Teniz Kazakhstan"]
[BlackTeam "Rookies"]
[WhiteFideId "4123530"]
[BlackFideId "13780719"]
[EventDate "2024.08.02"]

1. e4 c5 2. Nc3 Nc6 3. Bb5 Nd4 4. Nf3 e6 5. O-O a6 6. Bd3 Nc6 7. b3 g5 8. Bb2
Bg7 9. Na4 Bxb2 10. Nxb2 g4 11. Ne1 h5 12. Nc4 d5 13. exd5 exd5 14. Ne3 Nge7 15.
a4 Be6 16. c3 Qd7 17. Qb1 h4 18. f4 gxf3 19. Nxf3 O-O-O 20. b4 c4 21. b5 Nb8 22.
bxa6 Nxa6 23. Bc2 Rdg8 24. Ne5 Qc7 25. d4 cxd3 26. Nxd3 h3 27. Nf4 hxg2 28. Rf2
Rh6 29. Nf5 Nxf5 30. Bxf5 Rh4 31. Bxe6+ fxe6 32. Qe1 Rgh8 33. Qxe6+ Kb8 34. Rxg2
Qxf4 35. Rf1 Qc7 36. Rg8+ Rxg8+ 37. Qxg8+ Ka7 38. Qg2 Qxc3 39. Kh1 Rxa4 40. Qf2+
Qc5 41. Qg2 Nc7 42. h3 Qc6 43. Qf2+ Qb6 44. Qc2 Qc6 45. Qf2+ d4+ 46. Kh2 Qd6+
47. Kh1 Qd5+ 48. Kg1 Ra6 49. Rd1 Nb5 50. h4 Ra2 51. Qg3 Nc3 52. Re1 Qc5 53. Kh1
Qc6+ 54. Kg1 Ne2+ 55. Rxe2 Rxe2 56. Qa3+ Qa6 57. Qc5+ b6 58. Qxd4 Re1+ 0-1

[Event "FIDE World Rapid Team"]
[Site "Almaty KAZ"]
[Date "2024.08.03"]
[Round "5.25"]
[White "Short, Nigel D"]
[Black "Aitbayev, Aslan"]
[Result "1/2-1/2"]
[WhiteTitle "GM"]
[BlackTitle "IM"]
[WhiteElo "2594"]
[BlackElo "2380"]
[WhiteTeam "FIDE Management Board"]
[BlackTeam "Astana-2"]
[WhiteFideId "400025"]
[BlackFideId "13704613"]
[EventDate "2024.08.02"]

1. e4 e6 2. d4 d5 3. Nc3 Bb4 4. e5 c5 5. a3 Bxc3+ 6. bxc3 Ne7 7. a4 Qa5 8. Bd2
Nbc6 9. Nf3 Bd7 10. Bb5 a6 11. Be2 f6 12. c4 Qc7 13. cxd5 Nxd5 14. c4 Nde7 15.
exf6 gxf6 16. dxc5 O-O-O 17. Bc3 e5 18. Qd6 Rhg8 19. g3 Bh3 20. Qxc7+ Kxc7 21.
Nd2 Nf5 22. O-O-O Nfd4 23. Bd3 Bg4 24. f3 Nxf3 25. Bxh7 Rh8 26. Be4 Nfd4 27.
Rdf1 Rh6 28. Kb2 Ne2 29. Rf2 f5 30. Bd5 Nxc3 31. Kxc3 Nd4 32. Re1 Re8 33. h4 Re7
34. Re3 Rg6 35. Nb3 Bd1 36. Nxd4 exd4+ 37. Kxd4 Rxe3 38. Kxe3 Rxg3+ 39. Kf4 Rg4+
40. Kxf5 Rxh4 41. a5 Ba4 42. Ke5 Rh5+ 43. Kd4 Rh7 44. Rf6 Bc6 45. Bxc6 bxc6 46.
Ke5 Kd7 47. Rd6+ Kc7 48. Rg6 Rh5+ 49. Kd4 Rf5 50. Rg7+ Kb8 51. Re7 Rh5 52. Re1
Kc7 53. Re7+ Kb8 54. Re5 Rh4+ 55. Kc3 Kc7 56. Re7+ Kb8 57. Rg7 Rf4 58. Rh7 Rg4
59. Kd3 Rf4 60. Rh1 Kc7 61. Kc3 Rg4 62. Rb1 Rg3+ 63. Kb4 Rh3 64. Rf1 Rg3 65.
Rf7+ Kb8 66. Rh7 Rf3 67. Rh8+ Kc7 1/2-1/2

[Event "FIDE World Rapid Team"]
[Site "Almaty KAZ"]
[Date "2024.08.03"]
[Round "5.26"]
[White "Akhmetov, Ayan"]
[Black "Al-Mudahka, Mohd"]
[Result "1/2-1/2"]
[WhiteTitle "IM"]
[BlackTitle "GM"]
[WhiteElo "2380"]
[BlackElo "2542"]
[WhiteTeam "Astana-2"]
[BlackTeam "FIDE Management Board"]
[WhiteFideId "13703706"]
[BlackFideId "12100030"]
[EventDate "2024.08.02"]

1. e4 c5 2. Nf3 g6 3. d4 cxd4 4. Nxd4 Nc6 5. c4 Nf6 6. Nc3 Nxd4 7. Qxd4 d6 8.
Be3 Bg7 9. f3 O-O 10. Qd2 a5 11. b3 a4 12. Rb1 axb3 13. axb3 Be6 14. Be2 Qa5 15.
b4 Qa3 16. O-O Rfc8 17. Nb5 Qa2 18. Rb2 Qa4 19. Rc2 Bd7 20. Rfc1 Bxb5 21. cxb5
Rxc2 22. Rxc2 d5 23. e5 Qa1+ 24. Bf1 Qxe5 25. Bf4 Qa1 26. Rc1 Qa7+ 27. Be3 Qa3
28. Rc7 e5 29. Rxb7 d4 30. Bg5 Nd5 31. Bc4 Ne3 32. Bxf7+ Kh8 33. Kf2 Qa1 34. b6
Qf1+ 35. Kg3 Nf5+ 36. Kh3 Qa6 37. Bd5 h6 38. Rxg7 Kxg7 39. Bxa8 Qxa8 40. Qc2
hxg5 41. Qc7+ Kf6 42. Kg4 Ne3+ 43. Kg3 Nf5+ 44. Kg4 Qa2 45. Kh3 Ne3 46. Qd6+ Kf7
47. Qd7+ Kg8 48. Qe8+ Kh7 49. Qe7+ Kh6 50. Qf8+ Kh7 51. Qe7+ Kh6 52. Qf8+ Kh7 1/2-1/2

[Event "FIDE World Rapid Team"]
[Site "Almaty KAZ"]
[Date "2024.08.03"]
[Round "5.27"]
[White "Zhu, Chen"]
[Black "Akhmedinov, Satbek"]
[Result "1-0"]
[WhiteTitle "GM"]
[BlackTitle "FM"]
[WhiteElo "2423"]
[BlackElo "2379"]
[WhiteTeam "FIDE Management Board"]
[BlackTeam "Astana-2"]
[WhiteFideId "8600546"]
[BlackFideId "13714287"]
[EventDate "2024.08.02"]

1. d4 Nf6 2. c4 g6 3. Nc3 d5 4. cxd5 Nxd5 5. e4 Nxc3 6. bxc3 Bg7 7. Nf3 c5 8. h3
O-O 9. Be2 Nc6 10. Be3 cxd4 11. cxd4 f5 12. Bc4+ e6 13. exf5 gxf5 14. O-O f4 15.
Bc1 Nxd4 16. Ba3 Re8 17. Nxd4 Qxd4 18. Qh5 Bd7 19. Rad1 Qxc4 20. Rxd7 Kh8 21.
Rc1 Qe4 22. Rcc7 Rg8 23. Bc5 f3 24. Bd4 e5 25. Rxg7 Rxg7 26. Qxe5 Qxe5 27. Bxe5
Rg8 28. Rxb7 a5 29. g4 h5 30. Kh2 h4 31. Kg1 Kh7 32. Bxg7 Rxg7 33. Rxg7+ Kxg7
34. a4 Kf6 35. Kf1 Ke5 36. Ke1 Ke4 37. Kd2 Kd4 38. Kc2 Kc4 39. g5 Kd5 40. Kd3
Ke5 41. Ke3 Kf5 42. Kxf3 Kxg5 43. Ke4 Kg6 1-0

[Event "FIDE World Rapid Team"]
[Site "Almaty KAZ"]
[Date "2024.08.03"]
[Round "5.28"]
[White "Mazhkenov, Alisher"]
[Black "Reizniece-Ozola, Dana"]
[Result "1-0"]
[BlackTitle "WGM"]
[WhiteElo "2118"]
[BlackElo "2255"]
[WhiteTeam "Astana-2"]
[BlackTeam "FIDE Management Board"]
[WhiteFideId "13718983"]
[BlackFideId "11601124"]
[EventDate "2024.08.02"]

1. e4 c5 2. Nf3 Nc6 3. Bc4 Nf6 4. e5 d5 5. Bb5 Nd7 6. Bxc6 bxc6 7. d3 e6 8. c4
Be7 9. Nc3 O-O 10. O-O f6 11. exf6 Bxf6 12. Qc2 Ne5 13. Nxe5 Bxe5 14. Na4 Qh4
15. g3 Qh3 16. Qe2 Bd6 17. f4 Bd7 18. b3 Rae8 19. Bb2 Rf5 20. Qg2 Qh6 21. Rae1
d4 22. Bc1 Qg6 23. Nb2 e5 24. g4 Rff8 25. f5 Qf7 26. Re4 Kh8 27. Nd1 g6 28. f6
g5 29. Bxg5 Qg6 30. Bh4 Rf7 31. Nf2 Rg8 32. h3 Qh6 33. Bg3 Rxf6 34. Bxe5 Bxe5
35. Rxe5 Rgf8 36. g5 Qh4 37. gxf6 Rg8 38. Ng4 Bxg4 39. f7 Rf8 40. Re8 1-0

[Event "FIDE World Rapid Team"]
[Site "Almaty KAZ"]
[Date "2024.08.03"]
[Round "5.29"]
[White "Martynov, Aleksandr"]
[Black "Tokbayev, Anuar"]
[Result "0-1"]
[WhiteElo "1828"]
[BlackElo "1880"]
[WhiteTeam "FIDE Management Board"]
[BlackTeam "Astana-2"]
[WhiteFideId "34196266"]
[BlackFideId "13724703"]
[EventDate "2024.08.02"]

1. d4 d5 2. Nf3 e6 3. e3 Nf6 4. Bd3 c5 5. b3 Nbd7 6. O-O Bd6 7. Bb2 Qc7 8. c4
O-O 9. Nc3 a6 10. Rc1 b6 11. cxd5 exd5 12. Bb1 Bb7 13. h3 Rac8 14. dxc5 bxc5 15.
Qd3 Rfe8 16. Rfd1 Qb8 17. Qf5 g6 18. Qg5 d4 19. Ne2 Bxf3 20. gxf3 Kg7 21. f4 Qb7
22. Ng3 Bf8 23. exd4 h6 24. Qh4 Kh7 25. d5 Bg7 26. f5 g5 27. Qc4 Nb6 28. Qc2
Nbxd5 29. Nh5 Nxh5 30. f6+ Kg8 31. Qh7+ Kf8 32. fxg7+ Ke7 33. Qxh6 Nhf4 34.
Qxg5+ f6 35. Bxf6+ Kf7 36. Qf5 Ne2+ 37. Kf1 Nxf6 38. Qg6+ Kg8 39. Rd5 Qxd5 40.
Qxf6 Qh1# 0-1

[Event "FIDE World Rapid Team"]
[Site "Almaty KAZ"]
[Date "2024.08.03"]
[Round "5.30"]
[White "Altynbek, Aiaru"]
[Black "Musauly, Nurali"]
[Result "1-0"]
[WhiteTitle "WFM"]
[WhiteElo "1990"]
[BlackElo "1816"]
[WhiteTeam "Astana-2"]
[BlackTeam "FIDE Management Board"]
[WhiteFideId "13752472"]
[BlackFideId "447000678"]
[EventDate "2024.08.02"]

1. d4 d5 2. c4 e6 3. Nf3 Nf6 4. Nc3 Be7 5. Bf4 O-O 6. e3 Nbd7 7. cxd5 exd5 8.
Bd3 c6 9. h4 Re8 10. O-O Nf8 11. Ne5 Bd6 12. Bg3 a6 13. Rb1 Qe7 14. Na4 Ne4 15.
Bxe4 dxe4 16. Nb6 Rb8 17. Nxc8 Rbxc8 18. Qg4 Qe6 19. Qxe6 Rxe6 20. b4 f6 21. Nc4
Bxg3 22. fxg3 Ng6 23. Rbc1 Ne7 24. a3 Nd5 25. Kf2 Rd8 26. Ke2 Re7 27. g4 h6 28.
Nd2 g5 29. g3 Kg7 30. Rf5 Rd6 31. Nc4 Rd8 32. Na5 Rdd7 33. Rcf1 Rd6 34. hxg5
hxg5 35. Rh1 Rd8 36. Nc4 Rh8 37. Rxh8 Kxh8 38. Kd2 Kg7 39. Nd6 Kg6 40. Rf2 Nb6
41. Rh2 Nd5 42. Rh8 Rd7 43. Nxe4 Re7 44. Kd3 Rf7 45. Nd6 Re7 46. e4 Nb6 47. Rb8
Na4 48. Rxb7 1-0

[Event "FIDE World Rapid Team"]
[Site "Almaty KAZ"]
[Date "2024.08.03"]
[Round "5.31"]
[White "Tin, Jingyao"]
[Black "Suleimen, Ergali"]
[Result "1/2-1/2"]
[WhiteTitle "GM"]
[BlackTitle "FM"]
[WhiteElo "2575"]
[BlackElo "2334"]
[WhiteTeam "Theme International Trading"]
[BlackTeam "GMs Kazahhstan"]
[WhiteFideId "5804418"]
[BlackFideId "13724452"]
[EventDate "2024.08.02"]

1. d4 Nf6 2. c4 g6 3. Nc3 Bg7 4. e4 d6 5. Nf3 O-O 6. Be2 e5 7. O-O Bg4 8. d5 a5
9. h3 Bxf3 10. Bxf3 Nbd7 11. b3 Ne8 12. a3 f5 13. Bd2 Nc5 14. Qc2 Nf6 15. b4
Ncxe4 16. Bxe4 Nxe4 17. Nxe4 fxe4 18. Qxe4 axb4 19. axb4 Qf6 20. f3 Qf5 21. Kh2
h5 22. c5 Kh7 23. Rfc1 Qxe4 24. fxe4 Bh6 25. Rxa8 Rxa8 26. cxd6 Bxd2 27. dxc7
Bxc1 28. d6 Rc8 29. d7 Rxc7 30. d8=Q Bf4+ 31. g3 Rc2+ 32. Kh1 Rc1+ 33. Kg2 Rc2+
34. Kf1 Rc1+ 35. Ke2 Rc2+ 36. Ke1 Rc1+ 37. Ke2 Rc2+ 1/2-1/2

[Event "FIDE World Rapid Team"]
[Site "Almaty KAZ"]
[Date "2024.08.03"]
[Round "5.32"]
[White "Amangeldy, Ernur"]
[Black "Jumabayev, Rinat"]
[Result "0-1"]
[WhiteTitle "FM"]
[BlackTitle "GM"]
[WhiteElo "2274"]
[BlackElo "2577"]
[WhiteTeam "GMs Kazahhstan"]
[BlackTeam "Theme International Trading"]
[WhiteFideId "13720244"]
[BlackFideId "13702661"]
[EventDate "2024.08.02"]

1. d4 Nf6 2. c4 e6 3. Nc3 Bb4 4. e3 O-O 5. Bd3 d5 6. a3 Bxc3+ 7. bxc3 dxc4 8.
Bxc4 c5 9. Ne2 b6 10. O-O Qc7 11. Ba2 Rd8 12. f3 Ba6 13. Re1 Nc6 14. Bb2 Rac8
15. Rc1 Na5 16. e4 Bc4 17. Bxc4 Nxc4 18. Qb3 Na5 19. Qb5 h6 20. Qd3 b5 21. Rcd1
Nc4 22. Bc1 Qb6 23. Kh1 Rd7 24. Qb1 Rcd8 25. Qb3 a6 26. h3 Qc7 27. Bf4 Qa5 28.
Bc1 Qb6 29. Kh2 Nh7 30. Kh1 Nf8 31. Kh2 Ng6 32. Kh1 Qc7 33. a4 Na5 34. Qa3 Nc4
35. Qb3 Qc6 36. Kh2 Na5 37. Qa2 bxa4 38. Ba3 Nb3 39. Bb2 Qb5 40. Ng3 cxd4 41.
cxd4 Nxd4 42. Qa3 Nb3 43. Rxd7 Rxd7 44. Bc3 Rd3 45. Ba1 Rd2 46. Bc3 Rc2 47. Bxg7
Kxg7 48. e5 Nf4 49. Kh1 Qd3 50. Qe7 Qg6 51. Qh4 Rxg2 52. Rg1 Rxg1+ 53. Kxg1 Ne2+ 0-1

[Event "FIDE World Rapid Team"]
[Site "Almaty KAZ"]
[Date "2024.08.03"]
[Round "5.33"]
[White "Siddharth, Jagadeesh"]
[Black "Assylov, Miras"]
[Result "1-0"]
[WhiteTitle "IM"]
[BlackTitle "FM"]
[WhiteElo "2516"]
[BlackElo "2300"]
[WhiteTeam "Theme International Trading"]
[BlackTeam "GMs Kazahhstan"]
[WhiteFideId "5818320"]
[BlackFideId "13728873"]
[EventDate "2024.08.02"]

1. e4 e5 2. Nf3 Nc6 3. Bc4 Nf6 4. d3 Be7 5. O-O O-O 6. Nc3 d6 7. a3 Be6 8. Nd5
a5 9. c3 Bxd5 10. exd5 Nb8 11. d4 e4 12. Ng5 h6 13. Nh3 Nbd7 14. f3 c6 15. fxe4
Nxe4 16. dxc6 bxc6 17. Bxh6 gxh6 18. Qg4+ Ng5 19. Nxg5 hxg5 20. Qf5 Bf6 21. Qg6+
Kh8 22. Bxf7 Rxf7 23. Qxf7 Bg7 24. Rae1 Nf6 25. Re7 Qg8 26. Rxf6 1-0

[Event "FIDE World Rapid Team"]
[Site "Almaty KAZ"]
[Date "2024.08.03"]
[Round "5.34"]
[White "Akhilbay, Imangali"]
[Black "Wong, Zhenyong Jayden"]
[Result "1-0"]
[WhiteTitle "FM"]
[BlackTitle "FM"]
[WhiteElo "2279"]
[BlackElo "2397"]
[WhiteTeam "GMs Kazahhstan"]
[BlackTeam "Theme International Trading"]
[WhiteFideId "13734857"]
[BlackFideId "5821975"]
[EventDate "2024.08.02"]

1. e4 c6 2. d4 d5 3. f3 dxe4 4. fxe4 e5 5. Nf3 Bg4 6. c3 Nf6 7. Bc4 Bd6 8. dxe5
Bxf3 9. gxf3 Bxe5 10. Qxd8+ Kxd8 11. Bxf7 Rf8 12. Bb3 Nh5 13. Na3 Nd7 14. Nc4
Kc7 15. Be3 Rxf3 16. Bd1 Rh3 17. Bg4 Rh4 18. Bxd7 Rxe4 19. O-O-O Rxc4 20. Be6
Re4 21. Rd7+ Kb8 22. Rd8+ Kc7 23. Rd7+ Kb8 24. Rd8+ Kc7 25. Rxa8 Rxe3 26. Kc2
Nf4 27. Bg4 h5 28. Bd1 Rh3 29. Re8 Kd6 30. Rd8+ Ke7 31. Rd2 g5 32. Re1 Kf6 33.
Rf2 g4 34. Be2 Kf5 35. Bf1 Rf3 36. Rxf3 gxf3 37. Re3 Nd5 38. Rxf3+ Ke4 39. Be2
Bxh2 40. Rh3 Ne3+ 41. Kb3 Be5 42. Rxh5 a6 43. Rh4+ Kd5 44. Bf3+ Kd6 45. Rh7 1-0

[Event "FIDE World Rapid Team"]
[Site "Almaty KAZ"]
[Date "2024.08.03"]
[Round "5.35"]
[White "Gong, Qianyun"]
[Black "Kaliakhmet, Elnaz"]
[Result "1/2-1/2"]
[WhiteTitle "WGM"]
[BlackTitle "WFM"]
[WhiteElo "2250"]
[BlackElo "2137"]
[WhiteTeam "Theme International Trading"]
[BlackTeam "GMs Kazahhstan"]
[WhiteFideId "8602425"]
[BlackFideId "13730169"]
[EventDate "2024.08.02"]

1. e4 c5 2. Nf3 Nc6 3. Bc4 e6 4. O-O d6 5. d4 cxd4 6. Nxd4 Nf6 7. Nc3 Be7 8. a3
O-O 9. Ba2 Bd7 10. Be3 Nxd4 11. Bxd4 Bc6 12. Qe2 e5 13. Be3 Nxe4 14. Nd5 Nf6 15.
Nxe7+ Qxe7 16. Rad1 h6 17. b4 a6 18. c4 b5 19. Rfe1 bxc4 20. Bxc4 Bb7 21. Ba2 a5
22. b5 d5 23. Bd4 Ne4 24. Bb2 Rfd8 25. Bb1 Rac8 26. Qd3 f6 27. Re2 Qc5 28. Kf1
Ng5 29. a4 e4 30. Qb3 Kh8 31. h4 Ne6 32. Qg3 Qc7 33. Qg4 Qe7 34. f3 Qf7 35. fxe4
dxe4 36. Rxd8+ Rxd8 37. Bxe4 Rd1+ 38. Re1 Rxe1+ 39. Kxe1 Qe7 40. Bxb7 Nc5+ 41.
Kf1 Qxb7 42. Qd4 Ne6 43. Qe3 Qd5 44. Kg1 Qd1+ 45. Kh2 Qg4 46. Qg3 Qxa4 47. b6
Qb4 48. Qe3 Qd6+ 49. g3 Qc6 50. Bd4 Qc2+ 51. Kh3 Qf5+ 52. Kh2 Qc2+ 53. Kh3 Qf5+
54. Kh2 Qc2+ 55. Kh3 Qc8 56. Kh2 Qc2+ 57. Kh3 Qc8 58. Kh2 1/2-1/2

[Event "FIDE World Rapid Team"]
[Site "Almaty KAZ"]
[Date "2024.08.03"]
[Round "5.37"]
[White "Kazakov, Konstantin"]
[Black "Sychev, Klementy"]
[Result "1-0"]
[WhiteTitle "IM"]
[BlackTitle "GM"]
[WhiteElo "2333"]
[BlackElo "2531"]
[WhiteTeam "Storm of Dragons"]
[BlackTeam "World Champions Higher School"]
[WhiteFideId "13700898"]
[BlackFideId "4114060"]
[EventDate "2024.08.02"]

1. e4 c5 2. Nc3 e6 3. Nge2 Nc6 4. g3 d5 5. exd5 exd5 6. d4 Nf6 7. Bg2 cxd4 8.
Nxd4 Bg4 9. Nce2 Bc5 10. h3 Bd7 11. c3 O-O 12. O-O Re8 13. Be3 Ne5 14. Nf4 Rc8
15. Nc2 Ba4 16. b3 Bb5 17. Re1 Bxe3 18. Rxe3 Qc7 19. Nb4 Bc6 20. Nbxd5 Bxd5 21.
Nxd5 Nxd5 22. Qxd5 Nc6 23. Rae1 Rxe3 24. Rxe3 g6 25. h4 h5 26. Qg5 Qd6 27. Bd5
Kg7 28. c4 b6 29. Bxc6 Rxc6 30. Qe5+ Qxe5 31. Rxe5 Kf6 32. Rd5 Ke7 33. Kf1 Re6
34. Rd2 Rc6 35. Ke2 f6 36. Rd3 Rc8 37. Kf3 Ke6 38. Ke4 g5 39. Rd5 Rg8 40. f4
gxh4 41. gxh4 Rg2 42. Rxh5 Rxa2 43. Rb5 Rh2 44. h5 Rh1 45. b4 f5+ 46. Kd4 Rh4
47. Re5+ Kf6 48. Kd5 Rxf4 49. Re6+ Kf7 50. h6 b5 51. c5 Rxb4 52. Ra6 f4 53. h7
Kg7 54. Rxa7+ Kh8 55. c6 f3 56. Rf7 Rb3 57. c7 Rd3+ 58. Ke4 Rc3 59. Rf8+ 1-0

[Event "FIDE World Rapid Team"]
[Site "Almaty KAZ"]
[Date "2024.08.03"]
[Round "5.38"]
[White "Shubin, Kirill"]
[Black "Isaev, Anton"]
[Result "1/2-1/2"]
[WhiteTitle "IM"]
[WhiteElo "2459"]
[BlackElo "2156"]
[WhiteTeam "World Champions Higher School"]
[BlackTeam "Storm of Dragons"]
[WhiteFideId "34119962"]
[BlackFideId "24185132"]
[EventDate "2024.08.02"]

1. e4 e6 2. d4 d5 3. Nd2 dxe4 4. Nxe4 Bd7 5. Nf3 Bc6 6. Bd3 Nd7 7. Qe2 Ngf6 8.
Ng3 Be7 9. Bd2 O-O 10. O-O-O Bxf3 11. Qxf3 c5 12. Be3 Qa5 13. Kb1 Rfc8 14. dxc5
Nxc5 15. Bxc5 Qxc5 16. Ne4 Qb6 17. c4 1/2-1/2

[Event "FIDE World Rapid Team"]
[Site "Almaty KAZ"]
[Date "2024.08.03"]
[Round "5.39"]
[White "Dosmukhambetov, Arystan"]
[Black "Faizrakhmanov, Ramil"]
[Result "0-1"]
[BlackTitle "IM"]
[WhiteElo "1976"]
[BlackElo "2424"]
[WhiteTeam "Storm of Dragons"]
[BlackTeam "World Champions Higher School"]
[WhiteFideId "13742418"]
[BlackFideId "24103209"]
[EventDate "2024.08.02"]

1. e4 c5 2. Nc3 d6 3. f4 g6 4. Nf3 Bg7 5. a4 Nf6 6. Bb5+ Nc6 7. Bxc6+ bxc6 8. d3
O-O 9. O-O Rb8 10. Qe1 c4 11. d4 d5 12. e5 Ne8 13. Qh4 Bf5 14. Rf2 Nc7 15. g4
Be4 16. Ng5 h6 17. Ngxe4 dxe4 18. Qg3 Qxd4 19. Be3 Qd8 20. f5 Rxb2 21. Rd1 Nd5
22. Nxe4 Nxe3 23. Rfd2 Nd5 24. Rf2 Qb6 25. f6 exf6 26. exf6 Nxf6 27. Nxf6+ Bxf6
28. Qf4 Bh4 0-1

[Event "FIDE World Rapid Team"]
[Site "Almaty KAZ"]
[Date "2024.08.03"]
[Round "5.40"]
[White "Orlov, Oleg"]
[Black "Akhmet, Suleyman"]
[Result "1-0"]
[WhiteTitle "FM"]
[WhiteElo "2254"]
[BlackElo "1730"]
[WhiteTeam "World Champions Higher School"]
[BlackTeam "Storm of Dragons"]
[WhiteFideId "4166612"]
[BlackFideId "13752111"]
[EventDate "2024.08.02"]

1. e4 c5 2. Nf3 e6 3. d4 cxd4 4. Nxd4 Nf6 5. Bd3 Nc6 6. Nxc6 bxc6 7. O-O d5 8.
e5 Nd7 9. f4 Qb6+ 10. Kh1 Be7 11. Nd2 Ba6 12. c4 O-O 13. Qc2 g6 14. Nf3 Nc5 15.
Be3 Qb4 16. Bd2 Qb7 17. Be2 Rab8 18. b4 Ne4 19. Rab1 Qd7 20. Be1 f5 21. exf6
Bxf6 22. Bd3 Nd6 23. Nd2 Rfe8 24. Bf2 Rec8 25. Rfd1 Qf7 26. Bc5 Rd8 27. Qb3 Kg7
28. cxd5 Bxd3 29. dxe6 Bc2 30. Qxc2 Qxe6 31. Nb3 Nb5 32. Re1 Qg4 33. Be7 1-0

[Event "FIDE World Rapid Team"]
[Site "Almaty KAZ"]
[Date "2024.08.03"]
[Round "5.41"]
[White "Kim, Kristina"]
[Black "Serikbay, Assel"]
[Result "0-1"]
[WhiteTitle "WCM"]
[BlackTitle "WIM"]
[WhiteElo "1943"]
[BlackElo "2237"]
[WhiteTeam "Storm of Dragons"]
[BlackTeam "World Champions Higher School"]
[WhiteFideId "13712438"]
[BlackFideId "13706799"]
[EventDate "2024.08.02"]

1. d4 d5 2. Nf3 Nf6 3. Bf4 c5 4. e3 Nc6 5. c3 e6 6. Nbd2 Bd6 7. Bg3 O-O 8. Bd3
Qe7 9. Qe2 e5 10. dxc5 Bxc5 11. e4 d4 12. O-O dxc3 13. bxc3 Nh5 14. Nc4 Nxg3 15.
hxg3 Bg4 16. Ne3 Bxe3 17. Qxe3 Bxf3 18. gxf3 Rac8 19. Rfc1 b6 20. Bc4 Na5 21.
Bd5 Rc5 22. f4 Rfc8 23. f5 Qf6 24. Kg2 h6 25. Qf3 Nc4 26. a4 Nd6 27. a5 bxa5 28.
Ra4 Nb5 29. Rxa5 Qb6 30. Rca1 Rxc3 31. Qh5 R8c7 32. R1a2 Nd4 33. Ra6 Qc5 34. f6
Rc2 35. Qg4 g5 36. Qh5 Rxa2 37. Qg6+ Kf8 38. Qg7+ Ke8 39. Rxa2 Qf8 40. Qh7 Nb5
41. Rb2 a6 42. Ra2 Qd6 43. Qxh6 Nc3 44. Qh8+ Qf8 45. Qxf8+ Kxf8 46. Rxa6 Kg8 47.
Kf3 Kh7 48. Kg4 Kg6 49. Ra5 Kxf6 50. Ra6+ Kg7 51. Kxg5 Rd7 52. Ra5 Rd6 53. Rc5
Nd1 54. Rc2 Rf6 55. f4 Rg6+ 56. Kh4 Rh6+ 57. Kg5 f6+ 58. Kf5 Ne3+ 59. Ke6 Nxc2
60. fxe5 fxe5+ 61. Kxe5 Ne3 62. Kd4 Nxd5 63. exd5 Rg6 64. Kc5 Kf7 0-1